000 00300nam a22001337a 4500
008 170204b xxu||||| |||| 00| 0 eng d
020 _a9780763731991
041 _aeng
080 _23RD
_a61
100 _a3
101 _aSHM
245 _aDELIVERING HEALTH CARE IN AMERICA
_cSHI, L
942 _2udc
_cBK
999 _c4594
_d4594